[Event "Konnerud Tempo høstturnering 2023"]
[Site "Malmveien 15"]
[Date "2023.08.16"]
[Round "1"]
[White "Simula, Leon"]
[Black "Selmer, Thorgrim Juhani"]
[Result "1-0"]
[WhiteElo "2075"]
[BlackElo "1565"]
[Annotator "haav-"]
[PlyCount "57"]
[EventDate "2023.??.??"]

1. d4 Nf6 2. Nf3 g6 3. c4 d5 4. cxd5 Bg7 5. Qa4+ c6 6. dxc6 Nxc6 7. e3 O-O 8. Be2 Qa5+ 9. Qxa5 Nxa5 10. Nc3 a6 11. e4 Bg4 12. e5 Nd7 13. h3 Bxf3 14. Bxf3 e6 15. O-O Rac8 16. Rd1 Rfd8 17. Bg5 f6 18. exf6 Bxf6 19. h4 Bxg5 20. hxg5 Nb6 21. Rac1 Nc6 22. d5 exd5 23. Nxd5 Nxd5 24. Bxd5+ Kg7 25. Bxc6 Rxd1+ 26. Rxd1 Rxc6 27. Rd7+ Kg8 28. Rxb7 Rc5 29. Rb6
1-0

[Event "Konnerud Tempo høstturnering 2023"]
[Site "Malmveien 15"]
[Date "2023.08.16"]
[Round "1"]
[White "Lurdalen, Svein Erik"]
[Black "Berg, Odd Gunnstein"]
[Result "1-0"]
[WhiteElo "1718"]
[BlackElo "1590"]
[PlyCount "119"]
[EventDate "2023.??.??"]

1. b4 c6 2. Bb2 a5 3. bxa5 Qxa5 4. e3 Qb6 5. Qc1 d5 6. Nf3 Nf6 7. c4 Bf5 8. Nh4 Be6 9. Na3 Nbd7 10. Be2 g6 11. cxd5 Bxd5 12. Nc4 Bxc4 13. Bxc4 Ra4 14. Nf3 Rxc4 15. Qxc4 Qxb2 16. O-O Ne5 17. Nxe5 Qxe5 18. Rab1 Qc7 19. Qa4 Qc8 20. Qa7 b5 21. Rfc1 Bg7 22. Rxb5 O-O 23. Qxe7 Qa6 24. Rbc5 Qxa2 25. Rxc6 Qxd2 26. h3 Qd7 27. Qb4 h6 28. Rc7 Qe6 29. Re7 Nd5 30. Rxe6 Nxb4 31. Rd6 Ra8 32. g3 Bf8 33. Rd7 Bg7 34. Kg2 Na2 35. Rcc7 Rf8 36. f4 Nc3 37. Kf3 Na4 38. e4 Nb6 39. Rd3 Re8 40. Rb3 Na4 41. Rbb7 Rf8 42. e5 Bh8 43. g4 g5 44. Ke4 gxf4 45. Kxf4 Re8 46. Rxf7 Bxe5+ 47. Kf5 Nc5 48. Rbe7 Rxe7 49. Rxe7 Bg7 50. Rc7 Bd4 51. Kg6 Kf8 52. Kxh6 Ne6 53. Rb7 Be3+ 54. Kg6 Nf4+ 55. Kf5 Nxh3 56. Rb3 Bd2 57. Rxh3 Kg7 58. Rd3 Bc1 59. g5 Bb2 60. Rd7+
1-0

[Event "Konnerud Tempo høstturnering 2023"]
[Site "Malmveien 15"]
[Date "2023.08.16"]
[Round "1"]
[White "Kierulf, Villum Brevick"]
[Black "Sørjordet, Anders"]
[Result "0-1"]
[WhiteElo "1856"]
[BlackElo "1670"]
[Annotator "Aure,Havard"]
[PlyCount "88"]
[EventDate "2023.??.??"]

1. c4 e6 2. Nc3 b6 3. d4 Bb7 4. Nf3 Bb4 5. Qc2 Bxc3+ 6. bxc3 Nf6 7. Bg5 O-O 8. e3 d6 9. Bd3 h6 10. Bh4 Nbd7 11. e4 e5 12. O-O Qe7 13. Rfe1 g5 14. Bg3 Nh5 15. Qe2 Nf4 16. Bxf4 gxf4 17. g3 Qf6 18. Nh4 Qg5 19. Nf5 fxg3 20. fxg3 Rae8 21. Nxh6+ Qxh6 22. Qg4+ Qg6 23. Qxd7 exd4 24. cxd4 Bxe4 25. Re3 Re6 26. Bf1 Qg7 27. Rae1 Qxd4 28. Bh3 Bf5 29. Bxf5 Rxe3 30. Rxe3 Qxe3+ 31. Kg2 Qe2+ 32. Kg1 Qxc4 33. Bh3 Qd4+ 34. Kg2 Qe4+ 35. Kg1 Re8 36. Bf5 Qd4+ 37. Kg2 Qd2+ 38. Kh3 Qh6+ 39. Kg4 Qg7+ 40. Kh3 Qh6+ 41. Kg4 Qg7+ 42. Kh3 Qe5 43. Kh4 Kg7 44. Kg5 Qe7+
0-1

[Event "Konnerud Tempo høstturnering 2023"]
[Site "Malmveien 15"]
[Date "2023.08.16"]
[Round "1"]
[White "Lundstad, Andreas"]
[Black "Aure, Anders Nilsson"]
[Result "0-1"]
[WhiteElo "1585"]
[BlackElo "1878"]
[Annotator "Aure,Havard"]
[PlyCount "120"]
[EventDate "2023.??.??"]

1. d4 Nf6 2. Bf4 g6 3. Nc3 d5 4. Qd2 Bg7 5. O-O-O O-O 6. Bh6 Bxh6 7. Qxh6 Ng4 8. Qf4 c5 9. h3 Nf6 10. dxc5 Nc6 11. Nf3 Kg7 12. g4 Qa5 13. Ne5 Qxc5 14. Nxc6 bxc6 15. g5 Nh5 16. Qe5+ f6 17. gxf6+ exf6 18. Qd4 Qa5 19. e4 dxe4 20. Qxe4 Bf5 21. Qc4 Rab8 22. Be2 Rb4 23. Qa6 Qxa6 24. Bxa6 Rfb8 25. b3 Nf4 26. h4 Re8 27. Rhe1 Rxe1 28. Rxe1 Kf7 29. Bc4+ Be6 30. a3 Rb8 31. Ba6 Rb6 32. Bf1 Rb8 33. Ne4 Rd8 34. Nc5 Bh3 35. Bc4+ Kf8 36. Re4 g5 37. hxg5 fxg5 38. Re5 h6 39. Be6 Re8 40. Nd7+ Kg7 41. Bxh3 Rxe5 42. Nxe5 Nxh3 43. f3 Ng1 44. Kd1 h5 45. Ke1 Kf6 46. Nxc6 Nxf3+ 47. Kf2 g4 48. c4 Nd2 49. Nd4 h4 50. Kg2 Ke5 51. Nc6+ Ke4 52. Nxa7 Nxb3 53. Nb5 Nd2 54. Nd6+ Kf4 55. c5 h3+ 56. Kf2 g3+ 57. Ke2 g2 58. Kf2 Nf3 59. c6 g1=Q+ 60. Ke2 Qe3+
0-1

[Event "Konnerud Tempo høstturnering 2023"]
[Site "Malmveien 15"]
[Date "2023.08.16"]
[Round "1"]
[White "Taksrud, Vidar"]
[Black "Carlsen, Christian Heen"]
[Result "0-1"]
[WhiteElo "1888"]
[BlackElo "2076"]
[Annotator "Aure,Havard"]
[PlyCount "110"]
[EventDate "2023.??.??"]

1. d4 g6 2. e4 d6 3. Nc3 Nf6 4. Be2 Bg7 5. Be3 O-O 6. f3 Nc6 7. Qd2 e5 8. d5 Nd4 9. O-O-O c6 10. h4 cxd5 11. exd5 Bf5 12. Bd3 Rc8 13. Bxf5 Nxf5 14. g4 Nxe3 15. Qxe3 Qa5 16. h5 e4 17. hxg6 fxg6 18. g5 Nh5 19. Nxe4 Qxa2 20. Qa3 Qxa3 21. bxa3 Be5 22. Rd3 Nf4 23. Rb3 b6 24. Kd1 Nxd5 25. Ne2 Nf4 26. Nxf4 Rxf4 27. Rd3 Rc6 28. Re1 Kg7 29. Re2 Rh4 30. c3 Rh2 31. Nf2 Bxc3 32. Rc2 Kf7 33. Ke2 Rxf2+ 34. Kxf2 Be1+ 35. Kxe1 Rxc2 36. Rxd6 Ke7 37. Rd4 Rc3 38. Re4+ Kf7 39. Rf4+ Ke6 40. a4 Ra3 41. Kf2 Ke5 42. Kg3 Ra1 43. Rf7 Rxa4 44. f4+ Ke4 45. Re7+ Kd4 46. Rxh7 b5 47. Rd7+ Kc5 48. f5 gxf5 49. g6 Rg4+ 50. Kf3 a5 51. g7 a4 52. Rf7 Kb4 53. Ke3 a3 54. Kd3 a2 55. Ra7 Kb3
0-1

[Event "Konnerud Tempo høstturnering 2023"]
[Site "Malmveien 15"]
[Date "2023.08.16"]
[Round "2"]
[White "Simula, Leon"]
[Black "Rorvik, Jon Fredrik"]
[Result "1/2-1/2"]
[WhiteElo "2075"]
[BlackElo "2131"]
[Annotator "Aure,Havard"]
[PlyCount "20"]
[EventDate "2023.??.??"]

1. d4 d5 2. c4 e5 3. dxe5 d4 4. Nf3 c5 5. e3 Nc6 6. exd4 cxd4 7. a3 a5 8. Nbd2 Bg4 9. h3 Bh5 10. Qb3 Qd7
1/2-1/2

[Event "Konnerud Tempo høstturnering 2023"]
[Site "Malmveien 15"]
[Date "2023.08.16"]
[Round "2"]
[White "Leite, Steinar"]
[Black "Lurdalen, Svein Erik"]
[Result "1-0"]
[WhiteElo "1665"]
[BlackElo "1718"]
[Annotator "Aure,Havard"]
[PlyCount "61"]
[EventDate "2023.??.??"]

1. d4 Nf6 2. Nf3 b6 3. Bf4 e6 4. e3 Bb7 5. Nbd2 c5 6. c3 Be7 7. Bd3 O-O 8. e4 Na6 9. Qe2 cxd4 10. Bxa6 Bxa6 11. Qxa6 dxc3 12. bxc3 d5 13. e5 Nd7 14. O-O Qc7 15. Rfc1 Rfd8 16. Qe2 a6 17. c4 Ba3 18. Rc2 b5 19. Nb1 Qa5 20. Nxa3 bxc4 21. Nxc4 dxc4 22. Rxc4 Nb6 23. Rc2 Nd5 24. Bd2 Qa3 25. Rac1 h6 26. h3 Rab8 27. Be3 Qa4 28. Rc4 Qb5 29. Nd4 Qb2 30. R4c2 Nc3 31. Rxc3
1-0

[Event "Konnerud Tempo høstturnering 2023"]
[Site "Malmveien 15"]
[Date "2023.08.16"]
[Round "2"]
[White "Berg, Odd Gunnstein"]
[Black "Kierulf, Villum Brevick"]
[Result "1/2-1/2"]
[WhiteElo "1590"]
[BlackElo "1856"]
[Annotator "Aure,Havard"]
[PlyCount "87"]
[EventDate "2023.??.??"]

1. d4 Nf6 2. Bf4 d5 3. e3 e6 4. Nf3 Bd6 5. Ne5 O-O 6. Nd2 c5 7. c3 Qc7 8. Bd3 Nc6 9. Ndf3 Ne4 10. Nxc6 Bxf4 11. exf4 bxc6 12. g3 cxd4 13. Nxd4 c5 14. Nf3 Qb6 15. Qb3 Qxb3 16. axb3 Nd6 17. Ba6 Rb8 18. Nd2 Ne4 19. Nxe4 dxe4 20. Bxc8 Rfxc8 21. Ra3 Rb7 22. Kd2 Rd8+ 23. Kc2 Rbd7 24. Re1 Rd2+ 25. Kc1 f5 26. Rxa7 Rxf2 27. Rc7 Rdd2 28. h4 Rc2+ 29. Kb1 Rxb2+ 30. Ka1 Ra2+ 31. Kb1 Rfb2+ 32. Kc1 Rc2+ 33. Kb1 Rab2+ 34. Ka1 Rxb3 35. Rd1 h6 36. Rdd7 Kh8 37. Rxg7 Rd2 38. Rh7+ Kg8 39. Rhg7+ Kf8 40. Rh7 Kg8 41. Rhg7+ Kf8 42. Rh7 Kg8 43. Rhg7+ Kf8 44. Rh7
1/2-1/2

[Event "Konnerud Tempo høstturnering 2023"]
[Site "Malmveien 15"]
[Date "2023.08.16"]
[Round "2"]
[White "Sørjordet, Anders"]
[Black "Lundstad, Andreas"]
[Result "0-1"]
[WhiteElo "1670"]
[BlackElo "1585"]
[Annotator "Aure,Havard"]
[PlyCount "65"]
[EventDate "2023.??.??"]

1. d4 Nf6 2. Nf3 g6 3. c4 Bg7 4. Nc3 d6 5. e4 Bg4 6. Be2 O-O 7. Qb3 b6 8. O-O Nc6 9. Rd1 Nd7 10. Qa4 Na5 11. b4 Bxf3 12. bxa5 Bxe2 13. Nxe2 c5 14. Be3 Qc7 15. Rac1 f5 16. Nf4 Qb7 17. d5 fxe4 18. Ne6 Ne5 19. Nxf8 Rxf8 20. Rb1 Qa6 21. Rdc1 Nd3 22. Rc2 Bd4 23. a3 Ne5 24. Qb5 Qc8 25. axb6 Bxe3 26. fxe3 axb6 27. h3 Qf5 28. Qxb6 Qg5 29. Re2 Qg3 30. Kh1 Nf3 31. gxf3 Qxf3+ 32. Rg2 Qxh3+ 33. Rh2
0-1

[Event "Konnerud Tempo høstturnering 2023"]
[Site "Malmveien 15"]
[Date "2023.08.16"]
[Round "2"]
[White "Aure, Anders Nilsson"]
[Black "Taksrud, Vidar"]
[Result "1-0"]
[WhiteElo "1878"]
[BlackElo "1888"]
[Annotator "haav-"]
[PlyCount "65"]
[EventDate "2023.??.??"]

1. c4 Nf6 2. Nc3 d5 3. cxd5 Nxd5 4. g3 c6 5. Bg2 e5 6. Nf3 Bd6 7. O-O O-O 8. d4 Nxc3 9. bxc3 exd4 10. cxd4 Bf5 11. Nh4 Be6 12. e4 Bc4 13. Re1 Bb4 14. Bd2 a5 15. a3 Be7 16. Nf5 a4 17. Nxe7+ Qxe7 18. Bb4 Qd8 19. Bxf8 Qxf8 20. d5 Bb3 21. Qd2 c5 22. e5 Qc8 23. e6 fxe6 24. dxe6 Na6 25. e7 Nc7 26. Qg5 Ne8 27. Rac1 Ra5 28. Bd5+ Kh8 29. Bxb3 axb3 30. Qf4 h6 31. Rcd1 Qc6 32. Rd8 b2 33. Rxe8+
1-0

[Event "Konnerud Tempo høstturnering 2023"]
[Site "Malmveien 15"]
[Date "2023.08.16"]
[Round "2"]
[White "Selmer, Thorgrim Juhani"]
[Black "Carlsen, Christian Heen"]
[Result "0-1"]
[WhiteElo "1565"]
[BlackElo "2076"]
[Annotator "Aure,Havard"]
[PlyCount "116"]
[EventDate "2023.??.??"]

1. d4 Nf6 2. Bf4 d6 3. e3 Nbd7 4. Nf3 Nh5 5. Bg3 Nxg3 6. hxg3 g6 7. Bc4 Nf6 8. Nbd2 Bg7 9. c3 O-O 10. Qc2 c5 11. Ng5 e6 12. Nge4 Nxe4 13. Nxe4 d5 14. Bxd5 exd5 15. Nxc5 b6 16. Nd3 Bf5 17. f3 Qg5 18. Kf2 Rfe8 19. f4 Qe7 20. Qd2 Bxd3 21. Qxd3 Qe4 22. Qe2 h5 23. Rae1 Re7 24. Rh3 Rae8 25. g4 hxg4 26. Qxg4 Bf6 27. Reh1 Qc2+ 28. Qe2 Qxe2+ 29. Kxe2 a5 30. g4 b5 31. a3 b4 32. axb4 axb4 33. Kd3 Rc7 34. g5 Bg7 35. Rf3 bxc3 36. bxc3 Rec8 37. Rc1 Bf8 38. Rf2 Ba3 39. Rcc2 f5 40. Rh2 Kg7 41. Rhe2 Rb8 42. Ra2 Rb3 43. Rec2 Kf7 44. Kd2 Rc6 45. Ra1 Ke7 46. Rh1 Bb2 47. Rh7+ Kd8 48. Rh8+ Kc7 49. Rh7+ Kb6 50. Rd7 Bxc3+ 51. Ke2 Bxd4 52. Rxc6+ Kxc6 53. Re7 Rxe3+ 54. Rxe3 Bxe3 55. Kxe3 Kc5 56. Kd3 d4 57. Kd2 Kc4 58. Kc2 d3+
0-1

[Event "Konnerud Tempo høstturnering 2023"]
[Site "Malmveien 15"]
[Date "2023.08.16"]
[Round "3"]
[White "Lurdalen, Svein Erik"]
[Black "Simula, Leon"]
[Result "1/2-1/2"]
[WhiteElo "1718"]
[BlackElo "2075"]
[Annotator "haav-"]
[PlyCount "105"]
[EventDate "2023.??.??"]

1. e4 c5 2. Nc3 Nc6 3. g3 g6 4. Bg2 Bg7 5. f4 e6 6. Nf3 Nge7 7. d3 d5 8. e5 f6 9. exf6 Bxf6 10. O-O O-O 11. Qe2 Rb8 12. a4 a6 13. Qf2 Nd4 14. Ne2 Nxc2 15. Rb1 d4 16. g4 Nd5 17. g5 Bg7 18. Qg3 Nde3 19. Rf2 Bd7 20. b3 Bc6 21. h4 Qd6 22. h5 Nb4 23. hxg6 hxg6 24. Nh4 e5 25. Bxe3 dxe3 26. Qxe3 exf4 27. Rxf4 Rxf4 28. Qxf4 Be5 29. Qc4+ Kg7 30. Rf1 Rf8 31. Rxf8 Kxf8 32. Bxc6 Nxc6 33. Qe4 Kf7 34. Kg2 b5 35. axb5 axb5 36. Nf3 Bg7 37. Nf4 Ne7 38. Nh4 Bb2 39. Qf3 Kg8 40. Qa8+ Kh7 41. Qf8 Bg7 42. Qf7 Qe5 43. Ne6 Qe2+ 44. Kh3 Qxd3+ 45. Kh2 Qe2+ 46. Ng2 Qh5+ 47. Kg1 Qd1+ 48. Kh2 Qh5+ 49. Kg3 Nf5+ 50. Kf2 Kh8 51. Qe8+ Kh7 52. Qf7 Kh8 53. Qe8+
1/2-1/2

[Event "Konnerud Tempo høstturnering 2023"]
[Site "Malmveien 15"]
[Date "2023.08.16"]
[Round "3"]
[White "Kierulf, Villum Brevick"]
[Black "Leite, Steinar"]
[Result "1-0"]
[WhiteElo "1856"]
[BlackElo "1665"]
[Annotator "Aure,Havard"]
[PlyCount "102"]
[EventDate "2023.??.??"]

1. c4 e5 2. Nc3 Bb4 3. Nd5 Ba5 4. b4 c6 5. bxa5 cxd5 6. cxd5 Qxa5 7. e4 Nf6 8. f3 O-O 9. Ne2 Na6 10. Kf2 d6 11. d4 Nd7 12. Bd2 Qd8 13. Be3 f5 14. exf5 Rxf5 15. Ng3 Qh4 16. Kg1 Rf7 17. Ne4 Qe7 18. Bxa6 bxa6 19. Qc2 Nb6 20. Bg5 Qb7 21. Qb3 Qxd5 22. Qxd5 Nxd5 23. Nxd6 exd4 24. Nxf7 Kxf7 25. Kf2 Bf5 26. Rhd1 d3 27. g4 Bg6 28. Bd2 h5 29. h3 hxg4 30. hxg4 Rd8 31. Rab1 Rd7 32. Rbc1 Rb7 33. Rb1 Rc7 34. Rb2 Nb6 35. f4 Kg8 36. f5 Bf7 37. Bf4 Rd7 38. Be3 Bc4 39. Bxb6 axb6 40. Rxb6 Re7 41. Rd2 Rd7 42. Kg3 a5 43. g5 Kf7 44. Kf4 Bxa2 45. g6+ Ke7 46. Ra6 Rd5 47. Ra7+ Kf8 48. Rh2 Rd8 49. Rd2 Rd5 50. Rh2 Rd8 51. f6 d2
1-0

[Event "Konnerud Tempo høstturnering 2023"]
[Site "Malmveien 15"]
[Date "2023.08.16"]
[Round "3"]
[White "Lundstad, Andreas"]
[Black "Berg, Odd Gunnstein"]
[Result "1/2-1/2"]
[WhiteElo "1585"]
[BlackElo "1590"]
[Annotator "Aure,Havard"]
[PlyCount "107"]
[EventDate "2023.??.??"]

1. e4 b6 2. Nc3 Bb7 3. Bc4 e6 4. f4 Bb4 5. d3 Qh4+ 6. g3 Bxc3+ 7. bxc3 Qe7 8. Nf3 Nc6 9. a4 O-O-O 10. Qe2 Re8 11. O-O h5 12. d4 Na5 13. Ba6 Kb8 14. Bxb7 Kxb7 15. Ba3 d6 16. c4 Qd7 17. c5 dxc5 18. dxc5 Nc6 19. Rfd1 Qc8 20. cxb6 axb6 21. a5 Rd8 22. Rxd8 Qxd8 23. axb6 Nd4 24. Qe3 Nxf3+ 25. Kf2 Qd4 26. Qxd4 Nxd4 27. bxc7 Kxc7 28. Bb2 Nc6 29. Ra8 Nce7 30. Bxg7 Rh7 31. Bd4 f6 32. Ra7+ Kd8 33. c4 Rf7 34. Bb6+ Kc8 35. c5 Nh6 36. Rc7+ Kb8 37. c6 Nc8 38. Rxf7 Nxf7 39. Bd4 e5 40. Be3 Kc7 41. g4 hxg4 42. Kg3 Kxc6 43. Kxg4 Ncd6 44. h4 Nxe4 45. Kf5 exf4 46. Bxf4 Ned6+ 47. Bxd6 Kxd6 48. Kxf6 Ne5 49. h5 Nd7+ 50. Kf7 Ne5+ 51. Kf6 Nd7+ 52. Kf7 Ne5+ 53. Kg7 Ng4 54. h6
1/2-1/2

[Event "Konnerud Tempo høstturnering 2023"]
[Site "Malmveien 15"]
[Date "2023.08.16"]
[Round "3"]
[White "Taksrud, Vidar"]
[Black "Sørjordet, Anders"]
[Result "1-0"]
[WhiteElo "1888"]
[BlackElo "1670"]
[Annotator "Aure,Havard"]
[PlyCount "43"]
[EventDate "2023.??.??"]

1. d4 Nf6 2. c4 e6 3. Nf3 d5 4. Bg5 b6 5. Nc3 Ba6 6. e3 Nbd7 7. Qa4 Qc8 8. Bxf6 gxf6 9. cxd5 Bxf1 10. Kxf1 c5 11. dxe6 fxe6 12. d5 exd5 13. Nxd5 Kf7 14. Rd1 h5 15. Nf4 Nb8 16. Qc4+ Kg7 17. Ne6+ Kh6 18. Qf4+ Kg6 19. Nh4+ Kf7 20. Nd8+ Ke8 21. Qe4+ Be7 22. Qg6+
1-0

[Event "Konnerud Tempo høstturnering 2023"]
[Site "Malmveien 15"]
[Date "2023.08.16"]
[Round "3"]
[White "Carlsen, Christian Heen"]
[Black "Aure, Anders Nilsson"]
[Result "1-0"]
[WhiteElo "2076"]
[BlackElo "1878"]
[Annotator "Aure,Havard"]
[PlyCount "65"]
[EventDate "2023.??.??"]

1. e4 c5 2. Nf3 d6 3. d4 cxd4 4. Nxd4 Nf6 5. Nc3 g6 6. Be3 Bg7 7. f3 O-O 8. Qd2 Nc6 9. g4 Be6 10. Nxe6 fxe6 11. O-O-O Ne5 12. Be2 Rc8 13. h4 Nfd7 14. h5 Nxf3 15. Bxf3 Rxf3 16. hxg6 hxg6 17. Bd4 Qf8 18. Ne2 Ne5 19. Kb1 Nc6 20. Qg5 Nxd4 21. Nxd4 Qf6 22. Qb5 Rf2 23. Qxb7 Rc4 24. c3 Qf4 25. e5 Qxg4 26. Rhg1 Rxd4 27. cxd4 Qf5+ 28. Ka1 dxe5 29. dxe5 Bxe5 30. Rb1 Qf6 31. Qb5 Kf7 32. a4 Qf3 33. Qxe5
1-0

[Event "Konnerud Tempo høstturnering 2023"]
[Site "Malmveien 15"]
[Date "2023.08.16"]
[Round "4"]
[White "Simula, Leon"]
[Black "Kierulf, Villum Brevick"]
[Result "1-0"]
[WhiteElo "2075"]
[BlackElo "1856"]
[Annotator "Aure,Havard"]
[PlyCount "81"]
[EventDate "2023.??.??"]

1. d4 Nf6 2. g3 e6 3. Bg2 d5 4. Nf3 c5 5. O-O Nc6 6. c4 dxc4 7. Qa4 Bd7 8. Qxc4 cxd4 9. Nxd4 Rc8 10. Rd1 Nxd4 11. Qxd4 Bc5 12. Qh4 Qb6 13. g4 Ba4 14. b3 Bd4 15. g5 Bb5 16. Na3 Bxa1 17. Be3 Qa6 18. Nxb5 Qxb5 19. Rxa1 Nd5 20. Bd4 Ne7 21. Be4 e5 22. a4 Qa5 23. b4 Qc7 24. Bb2 b6 25. e3 Qd6 26. b5 f5 27. gxf6 Qxf6 28. Qh3 g6 29. f4 O-O 30. Bxe5 Qf7 31. Qg2 Rfd8 32. Re1 Nf5 33. Bb1 Ng7 34. Ba2 Ne6 35. e4 Kf8 36. f5 gxf5 37. Bxe6 Qxe6 38. Qg7+ Ke8 39. exf5 Qe7 40. Qg8+ Kd7 41. Rd1+
1-0

[Event "Konnerud Tempo høstturnering 2023"]
[Site "Malmveien 15"]
[Date "2023.08.16"]
[Round "4"]
[White "Rorvik, Jon Fredrik"]
[Black "Lurdalen, Svein Erik"]
[Result "1-0"]
[WhiteElo "2131"]
[BlackElo "1718"]
[Annotator "Aure,Havard"]
[PlyCount "87"]
[EventDate "2023.??.??"]

1. c4 e5 2. Nc3 Nc6 3. g3 f5 4. Bg2 Nf6 5. a3 g6 6. e3 Bg7 7. Nge2 e4 8. d3 exd3 9. Qxd3 d6 10. b3 O-O 11. Bb2 Kh8 12. O-O Qe8 13. Rae1 Bd7 14. Qc2 Qf7 15. Nd5 Rac8 16. Nef4 Ng4 17. Nd3 Nge5 18. f4 Nxd3 19. Bxg7+ Qxg7 20. Qxd3 b6 21. b4 a5 22. b5 Nd8 23. e4 fxe4 24. Bxe4 Bh3 25. Bg2 Bf5 26. Qd2 Ne6 27. h3 Qd4+ 28. Rf2 Qxd2 29. Rxd2 Nc5 30. Re7 Rfe8 31. Rde2 Rf8 32. R2e3 Bd3 33. Bf1 Bxf1 34. Kxf1 g5 35. Kg2 gxf4 36. gxf4 Na4 37. Rd7 Nc5 38. Rde7 Na4 39. Kf3 c6 40. bxc6 Rxc6 41. Rd7 Nc5 42. Ra7 Rb8 43. Nf6 Rb7 44. Rxb7
1-0

[Event "Konnerud Tempo høstturnering 2023"]
[Site "Malmveien 15"]
[Date "2023.08.16"]
[Round "4"]
[White "Berg, Odd Gunnstein"]
[Black "Taksrud, Vidar"]
[Result "0-1"]
[WhiteElo "1590"]
[BlackElo "1888"]
[Annotator "Aure,Havard"]
[PlyCount "46"]
[EventDate "2023.??.??"]

1. d4 Nf6 2. Bf4 d6 3. e3 Nbd7 4. Nf3 c6 5. Nbd2 Qc7 6. h3 e5 7. dxe5 Nxe5 8. Nxe5 dxe5 9. Bh2 Be6 10. Bc4 Bd5 11. O-O Rd8 12. Qe2 Bc5 13. e4 Bxc4 14. Nxc4 Nd7 15. Qg4 O-O 16. Rad1 b5 17. Ne3 Bxe3 18. fxe3 Nb6 19. Rxd8 Rxd8 20. Qg5 Nc4 21. b3 h6 22. Qh4 Nxe3 23. Bxe5 Qb6
0-1

[Event "Konnerud Tempo høstturnering 2023"]
[Site "Malmveien 15"]
[Date "2023.08.16"]
[Round "4"]
[White "Sørjordet, Anders"]
[Black "Carlsen, Christian Heen"]
[Result "0-1"]
[WhiteElo "1670"]
[BlackElo "2076"]
[Annotator "Aure,Havard"]
[PlyCount "72"]
[EventDate "2023.??.??"]

1. d4 Nf6 2. Nf3 g6 3. c4 Bg7 4. g3 c5 5. d5 O-O 6. Bg2 e6 7. Nc3 exd5 8. cxd5 d6 9. O-O a6 10. a4 Re8 11. Nd2 Nbd7 12. Nc4 Ne5 13. Nxe5 Rxe5 14. e4 Re8 15. Bg5 h6 16. Bf4 Ng4 17. Qc2 Rb8 18. Rae1 b5 19. axb5 axb5 20. h3 Ne5 21. Bxe5 Bxe5 22. f4 Bg7 23. Nb1 c4 24. Nd2 Qb6+ 25. Kh1 Ra8 26. Nf3 Ra2 27. e5 Bf5 28. Qf2 Qxf2 29. Rxf2 c3 30. Nd4 Bd7 31. Nc6 dxe5 32. fxe5 cxb2 33. Rff1 Bf8 34. Be4 Bxh3 35. Rf3 Bg2+ 36. Kg1 Bc5+
0-1

[Event "Konnerud Tempo høstturnering 2023"]
[Site "Malmveien 15"]
[Date "2023.08.16"]
[Round "4"]
[White "Selmer, Thorgrim Juhani"]
[Black "Aure, Anders Nilsson"]
[Result "1/2-1/2"]
[WhiteElo "1565"]
[BlackElo "1878"]
[Annotator "haav-"]
[PlyCount "98"]
[EventDate "2023.??.??"]

1. Nf3 Nf6 2. d4 g6 3. Bf4 Bg7 4. c3 O-O 5. Nbd2 d5 6. Ne5 c5 7. e3 Nbd7 8. Ndf3 Ne4 9. Bd3 cxd4 10. Nxd7 Bxd7 11. exd4 Nf6 12. Ne5 Bf5 13. Bxf5 gxf5 14. g4 fxg4 15. Nxg4 Nxg4 16. Qxg4 Qc8 17. Rg1 Qxg4 18. Rxg4 Kh8 19. Ke2 Rg8 20. Rag1 Bf6 21. Be5 Bxe5 22. dxe5 Rxg4 23. Rxg4 Rc8 24. Kd3 Rc6 25. b3 f5 26. exf6 Rxf6 27. Rg2 b5 28. Kd4 Rf3 29. Kxd5 Rxc3 30. f4 a5 31. Ke6 Re3+ 32. Kf7 h6 33. f5 a4 34. bxa4 bxa4 35. Kg6 Re4 36. a3 h5 37. Kxh5 Kh7 38. Rg4 Re5 39. Kg5 e6 40. Kf6 Rxf5+ 41. Kxe6 Rh5 42. h4 Ra5 43. Kd6 Kh6 44. Kc6 Kh5 45. Rg5+ Rxg5 46. hxg5 Kxg5 47. Kb5 Kf6 48. Kxa4 Ke6 49. Kb5 Kd7
1/2-1/2

[Event "Konnerud Tempo høstturnering 2023"]
[Site "Malmveien 15"]
[Date "2023.08.16"]
[Round "5"]
[White "Lundstad, Andreas"]
[Black "Simula, Leon"]
[Result "0-1"]
[WhiteElo "1585"]
[BlackElo "2075"]
[Annotator "Aure,Havard"]
[PlyCount "54"]
[EventDate "2023.??.??"]

1. d4 d5 2. Bf4 Nf6 3. e3 e6 4. Nf3 c5 5. c3 Nc6 6. Bd3 Qb6 7. Qc2 Bd7 8. Nbd2 Rc8 9. a4 cxd4 10. a5 Nxa5 11. Nxd4 Nc4 12. Bxc4 dxc4 13. N2f3 Be7 14. Ne5 O-O 15. h4 Rfd8 16. Bg5 Be8 17. Ndf3 Qc5 18. h5 h6 19. Bf4 Nd5 20. g4 Nxf4 21. exf4 Qd5 22. Rh3 a6 23. g5 hxg5 24. fxg5 Bxg5 25. Rg3 Bf4 26. Ng6 fxg6 27. Rxg6 Qxf3
0-1

[Event "Konnerud Tempo høstturnering 2023"]
[Site "Malmveien 15"]
[Date "2023.08.16"]
[Round "5"]
[White "Kierulf, Villum Brevick"]
[Black "Rorvik, Jon Fredrik"]
[Result "1/2-1/2"]
[WhiteElo "1856"]
[BlackElo "2131"]
[Annotator "haav-"]
[PlyCount "81"]
[EventDate "2023.??.??"]

1. c4 e5 2. Nc3 Nf6 3. Nf3 Nc6 4. g3 d5 5. cxd5 Nxd5 6. Bg2 Be6 7. O-O Be7 8. d3 O-O 9. Bd2 f6 10. Rc1 Qd7 11. a3 Rad8 12. Nxd5 Bxd5 13. Bc3 Kh8 14. Nd2 Bxg2 15. Kxg2 Nd4 16. Bxd4 exd4 17. Qc2 c5 18. Rfd1 Rfe8 19. Nf1 Bf8 20. e3 dxe3 21. fxe3 f5 22. d4 cxd4 23. Rxd4 Qe6 24. Qc4 Qe5 25. Rc2 Be7 26. Rcd2 h6 27. Rd5 Qf6 28. Rf2 g6 29. e4 Rc8 30. Qb5 a6 31. Qb3 Bc5 32. Rc2 b6 33. exf5 gxf5 34. Qf3 Bd6 35. Rf2 Re5 36. Rxe5 Bxe5 37. b4 Rf8 38. Ne3 Bd4 39. Rf1 Bxe3 40. Qxe3 Kg7 41. Rf2
1/2-1/2

[Event "Konnerud Tempo høstturnering 2023"]
[Site "Malmveien 15"]
[Date "2023.08.16"]
[Round "5"]
[White "Lurdalen, Svein Erik"]
[Black "Selmer, Thorgrim Juhani"]
[Result "1-0"]
[WhiteElo "1718"]
[BlackElo "1565"]
[Annotator "Aure,Havard"]
[PlyCount "55"]
[EventDate "2023.??.??"]

1. e4 c5 2. d4 cxd4 3. c3 dxc3 4. Nxc3 Nc6 5. Nf3 g6 6. h4 h5 7. Bc4 e6 8. O-O a6 9. Qe2 Bg7 10. Bg5 Qc7 11. Rac1 Nge7 12. Nd5 exd5 13. exd5 Ne5 14. Bxe7 Nxf3+ 15. gxf3 Qe5 16. Qxe5 Bxe5 17. d6 Rh7 18. Rfe1 Bh8 19. Rc2 b5 20. Bd5 Rb8 21. Rce2 Bb7 22. Bxb7 f5 23. Bd5 Rxe7 24. Rxe7+ Kf8 25. Rf7+ Kg8 26. Rxd7+ Kf8 27. Rf7+ Kg8 28. Rb7+
1-0

[Event "Konnerud Tempo høstturnering 2023"]
[Site "Malmveien 15"]
[Date "2023.08.16"]
[Round "5"]
[White "Carlsen, Christian Heen"]
[Black "Berg, Odd Gunnstein"]
[Result "1-0"]
[WhiteElo "2076"]
[BlackElo "1590"]
[Annotator "Aure,Havard"]
[PlyCount "69"]
[EventDate "2023.??.??"]

1. e4 b6 2. d4 Bb7 3. Bd3 Nf6 4. Qe2 Nc6 5. Nf3 Nb4 6. Nc3 Nxd3+ 7. Qxd3 e6 8. O-O Be7 9. Bf4 O-O 10. e5 Nd5 11. Nxd5 Bxd5 12. c4 Bb7 13. Rfe1 d6 14. exd6 cxd6 15. b3 Rc8 16. Re3 Re8 17. Rae1 Bxf3 18. Rxf3 d5 19. Rh3 g6 20. cxd5 Qxd5 21. Be5 Qa5 22. Rd1 f6 23. Qe3 Rf8 24. Bd6 Bxd6 25. Qxe6+ Kh8 26. Qxd6 Rce8 27. Re3 Rd8 28. Qe7 Rde8 29. Qxe8 Rxe8 30. Rxe8+ Kg7 31. d5 Qxa2 32. d6 Qxb3 33. Ree1 Qb4 34. d7 Qxe1+ 35. Rxe1
1-0

[Event "Konnerud Tempo høstturnering 2023"]
[Site "Malmveien 15"]
[Date "2023.08.16"]
[Round "5"]
[White "Aure, Anders Nilsson"]
[Black "Sørjordet, Anders"]
[Result "1-0"]
[WhiteElo "1878"]
[BlackElo "1670"]
[Annotator "Aure,Havard"]
[PlyCount "75"]
[EventDate "2023.??.??"]

1. c4 e5 2. Nc3 Nf6 3. g3 Bb4 4. Bg2 Bxc3 5. dxc3 h6 6. Nf3 d6 7. O-O O-O 8. b4 Nc6 9. a4 Be6 10. Nd2 Qc8 11. Re1 Nh7 12. a5 a6 13. Qa4 Ne7 14. b5 f5 15. Qb4 Rb8 16. c5 axb5 17. cxd6 Nc6 18. Qc5 cxd6 19. Qxd6 Qd7 20. Qc5 Nf6 21. Qxb5 Nd5 22. Qb2 Qf7 23. Rf1 Nde7 24. Nf3 g5 25. e3 Bd5 26. Rd1 f4 27. exf4 gxf4 28. gxf4 exf4 29. Kh1 Qh5 30. Rg1 Kh7 31. Qc2+ Nf5 32. Qd3 Rbd8 33. Nd4 Ne5 34. Qb5 Ng4 35. h3 Nxf2+ 36. Kh2 Bxg2 37. Rxg2 Qxh3+ 38. Kg1
1-0